[Event "Slovakian-ch Youth 2022"]
[Site "Lubovna"]
[Date "2022.05.27"]
[Round "8.22"]
[White "Jurky, Marian"]
[Black "Horvath, Marek"]
[Result "1/2-1/2"]
[WhiteElo "1689"]
[BlackElo "1801"]
[Annotator "NA RC COMBH"]
[PlyCount "98"]
[EventDate "2022.05.22"]
[EventCountry "SVK"]
[SourceTitle "playchess.com"]
[Source "ChessBase"]
[SourceQuality "1"]

1. e4 c6 2. c4 d5 3. exd5 cxd5 4. cxd5 Nf6 5. Nc3 Nxd5 6. Nf3 Nc6 7. Bb5 e6 8. d4 Be7 9. O-O O-O 10. Bxc6 bxc6 11. Ne4 Qb6 12. Qc2 Rd8 13. Rd1 Bb7 14. Be3 Nxe3 15. fxe3 c5 16. Nxc5 Rac8 17. Rac1 Bxc5 18. dxc5 Rxd1+ 19. Qxd1 Rxc5 20. Rxc5 Qxc5 21. Qd8+ Qf8 22. Qc7 Qc8 23. Qxc8+ Bxc8 24. Kf2 Kf8 25. Ke2 Ke7 26. Kd3 f6 27. b4 e5 28. a4 Be6 29. Nd2 Kd6 30. Ne4+ Kc6 31. Nc5 Bd5 32. g3 h5 33. h4 a5 34. Kc3 g5 35. hxg5 fxg5 36. Nd3 axb4+ 37. Kxb4 Kd6 38. Nf2 h4 39. gxh4 gxh4 40. a5 Bg2 41. Kc4 h3 42. Ng4 e4 43. Kd4 Kc6 44. Ke5 Kb5 45. Kf4 Kxa5 46. Kg3 Kb5 47. Nf2 Kc4 48. Nxe4 Kd3 49. Nf2+ Kxe3 1/2-1/2

[Event "Slovakian-ch Youth 2022"]
[Site "Lubovna"]
[Date "2022.05.27"]
[Round "8.23"]
[White "Sustek, Adam"]
[Black "Vojtas Marek"]
[Result "1-0"]
[WhiteElo "1636"]
[BlackElo "1000"]
[Annotator "NA RC COMBH"]
[PlyCount "79"]
[EventDate "2022.05.22"]
[EventCountry "SVK"]
[SourceTitle "playchess.com"]
[Source "ChessBase"]
[SourceQuality "1"]

1. e4 c5 2. c3 Nf6 3. e5 Nd5 4. d4 cxd4 5. cxd4 d6 6. exd6 Qxd6 7. Nf3 Nc6 8. Nc3 g6 9. Be2 Bg7 10. O-O O-O 11. Qb3 Be6 12. Qd1 Bg4 13. h3 Bxf3 14. Bxf3 e6 15. Nxd5 exd5 16. Be3 Rad8 17. Qa4 f5 18. Bg5 Rd7 19. Rad1 h6 20. Be3 f4 21. Bc1 b5 22. Qxb5 Nxd4 23. Qd3 Nxf3+ 24. Qxf3 Rf5 25. Rfe1 Re7 26. Rxe7 Qxe7 27. Kh2 Qb7 28. b3 Qb4 29. Rxd5 Rxd5 30. Qxd5+ Kh7 31. Qf7 Qc5 32. Bb2 Qf8 33. Qxg7+ Qxg7 34. Bxg7 Kxg7 35. g3 g5 36. Kg2 Kf6 37. b4 Ke5 38. b5 Kd5 39. gxf4 gxf4 40. Kf3 1-0

[Event "Slovakian-ch Youth 2022"]
[Site "Lubovna"]
[Date "2022.05.27"]
[Round "8.24"]
[White "Volanek, Maros"]
[Black "Havalda, Samuel"]
[Result "1-0"]
[WhiteElo "1458"]
[BlackElo "1465"]
[Annotator "NA RC COMBH"]
[PlyCount "29"]
[EventDate "2022.05.22"]
[EventCountry "SVK"]
[SourceTitle "playchess.com"]
[Source "ChessBase"]
[SourceQuality "1"]

1. d4 d5 2. Nf3 Nf6 3. Bf4 c5 4. e3 Nc6 5. c4 Bf5 6. a3 Qb6 7. Nc3 e6 8. dxc5 Bxc5 9. Nb5 O-O 10. Bc7 Qa6 11. cxd5 Nb4 12. axb4 Bxb4+ 13. Nc3 Bc2 14. Qc1 Bd3 15. Rxa6 1-0

[Event "Slovakian-ch Youth 2022"]
[Site "Lubovna"]
[Date "2022.05.27"]
[Round "8.25"]
[White "Klimek Martin"]
[Black "Filo, David"]
[Result "1/2-1/2"]
[WhiteElo "1418"]
[BlackElo "1653"]
[Annotator "NA RC COMBH"]
[PlyCount "32"]
[EventDate "2022.05.22"]
[EventCountry "SVK"]
[SourceTitle "playchess.com"]
[Source "ChessBase"]
[SourceQuality "1"]

1. e4 c6 2. d4 d5 3. exd5 cxd5 4. c4 e6 5. Nc3 Nf6 6. Nf3 Be7 7. Bf4 O-O 8. Be2 b6 9. O-O Bb7 10. Ne5 Nbd7 11. Bf3 Nxe5 12. dxe5 Ne4 13. Nxe4 dxe4 14. Be2 Qc7 15. Qc2 Rac8 16. Rfd1 Rfd8 1/2-1/2

[Event "Slovakian-ch Youth 2022"]
[Site "Lubovna"]
[Date "2022.05.27"]
[Round "8.26"]
[White "Lakota, Jan"]
[Black "Tokarcik, Patrik"]
[Result "0-1"]
[WhiteElo "1488"]
[BlackElo "1591"]
[Annotator "NA RC COMBH"]
[PlyCount "78"]
[EventDate "2022.05.22"]
[EventCountry "SVK"]
[SourceTitle "playchess.com"]
[Source "ChessBase"]
[SourceQuality "1"]

1. b3 d5 2. Bb2 c5 3. e3 Nc6 4. Nf3 Bg4 5. Be2 e6 6. c4 Nf6 7. O-O Be7 8. d3 O-O 9. Nbd2 Qc7 10. a3 Rfd8 11. Qc2 a6 12. Rac1 d4 13. h3 dxe3 14. fxe3 Bf5 15. e4 Bg6 16. Nh4 Bh5 17. Nhf3 Rd7 18. e5 Ne8 19. Ne4 Bxf3 20. Bxf3 Nxe5 21. Qc3 Nxd3 22. Bh5 f6 23. Rcd1 Nxb2 24. Qxb2 Nd6 25. Nxf6+ Bxf6 26. Rxf6 gxf6 27. Qxf6 Nf7 28. Rf1 Rf8 29. Rf4 Rd4 30. Rf3 Rdd8 31. Bg6 Ng5 32. Qxg5 Rd1+ 33. Kf2 Rxf3+ 34. Kxf3 hxg6 35. Ke2 Rd8 36. Qxg6+ Kf8 37. Qh6+ Qg7 38. Qf4+ Ke8 39. h4 Qxg2+ 0-1

[Event "Slovakian-ch Youth 2022"]
[Site "Lubovna"]
[Date "2022.05.27"]
[Round "8.27"]
[White "Durovka, Marek"]
[Black "Bilik, Matej"]
[Result "1-0"]
[WhiteElo "1827"]
[BlackElo "1553"]
[Annotator "NA RC COMBH"]
[PlyCount "109"]
[EventDate "2022.05.22"]
[EventCountry "SVK"]
[SourceTitle "playchess.com"]
[Source "ChessBase"]
[SourceQuality "1"]

1. d4 Nf6 2. Nf3 g6 3. g3 c5 4. e3 b6 5. Bg2 Bb7 6. O-O Bg7 7. c3 O-O 8. Nbd2 d6 9. Qe2 e6 10. e4 cxd4 11. Nxd4 Nbd7 12. N2b3 Nc5 13. Nxc5 dxc5 14. Nc2 Qe7 15. Be3 Rfd8 16. Rad1 Qe8 17. Bg5 h6 18. Bxf6 Bxf6 19. e5 Bxg2 20. Kxg2 Bg7 21. f4 Qc6+ 22. Kg1 Bf8 23. Na3 Rxd1 24. Rxd1 a6 25. Qg2 Qxg2+ 26. Kxg2 Be7 27. Nc4 b5 28. Na5 Rd8 29. Rxd8+ Bxd8 30. Nb3 Bb6 31. Kf3 Kf8 32. c4 b4 33. Nd2 Ke7 34. Ne4 a5 35. b3 Ba7 36. Nf6 h5 37. g4 h4 38. g5 Kd8 39. Kg4 Kc7 40. Kxh4 Kd8 41. Kg4 Ke7 42. Nh7 Bb8 43. h4 Bc7 44. h5 gxh5+ 45. Kxh5 Bb8 46. Kh6 Bc7 47. Kg7 Bd8 48. Nf6 Bc7 49. Ng4 Bb8 50. Nh6 Bc7 51. Nxf7 Bb8 52. g6 Bc7 53. Kh7 a4 54. g7 axb3 55. axb3 1-0

[Event "Slovakian-ch Youth 2022"]
[Site "Lubovna"]
[Date "2022.05.27"]
[Round "8.28"]
[White "Boros, David"]
[Black "Meszaros, Casey Ryan"]
[Result "0-1"]
[WhiteElo "1173"]
[BlackElo "1757"]
[Annotator "NA RC COMBH"]
[PlyCount "72"]
[EventDate "2022.05.22"]
[EventCountry "SVK"]
[SourceTitle "playchess.com"]
[Source "ChessBase"]
[SourceQuality "1"]

1. e4 e5 2. Nf3 Nc6 3. Bc4 Bc5 4. c3 Nf6 5. d3 d6 6. h3 Be6 7. Bxe6 fxe6 8. b4 Bb6 9. O-O O-O 10. Qb3 Qd7 11. Be3 Rae8 12. Bxb6 axb6 13. c4 h6 14. Nbd2 g5 15. g3 Qg7 16. Kg2 Rf7 17. b5 Nd4 18. Nxd4 exd4 19. f3 Nd7 20. Rf2 Ref8 21. Raf1 h5 22. Qd1 Nc5 23. Nb3 Na4 24. Nd2 Nc3 25. Qc2 Ra8 26. Ra1 h4 27. Nb1 hxg3 28. Kxg3 Qe5+ 29. Kg2 Na4 30. Nd2 g4 31. fxg4 Rxf2+ 32. Kxf2 Qh2+ 33. Ke1 Rf8 34. Qxa4 Qg1+ 35. Nf1 Qxf1+ 36. Kd2 Rf2# 0-1

[Event "Slovakian-ch Youth 2022"]
[Site "Lubovna"]
[Date "2022.05.27"]
[Round "8.29"]
[White "Hudak, Michal"]
[Black "Dvorak, Alfred"]
[Result "1/2-1/2"]
[WhiteElo "1169"]
[BlackElo "1239"]
[Annotator "NA RC COMBH"]
[PlyCount "124"]
[EventDate "2022.05.22"]
[EventCountry "SVK"]
[SourceTitle "playchess.com"]
[Source "ChessBase"]
[SourceQuality "1"]

1. d4 d5 2. Nf3 Nf6 3. e3 Bf5 4. Bd3 Bg6 5. O-O e6 6. c4 c6 7. cxd5 exd5 8. Qc2 Bxd3 9. Qxd3 Nbd7 10. Nc3 Bd6 11. Re1 O-O 12. e4 dxe4 13. Nxe4 Nxe4 14. Rxe4 Re8 15. Bg5 Qc7 16. Rh4 g6 17. Rh6 Bf8 18. Rh4 Qa5 19. Bh6 Bxh6 20. Rxh6 Qd5 21. Qd2 f6 22. Rh4 Re4 23. Rh3 Rb8 24. Qd3 Rbe8 25. Qb3 Qxb3 26. axb3 a6 27. Kf1 Kg7 28. Re1 g5 29. Rxe4 Rxe4 30. Ne1 Rxd4 31. Rd3 Rd5 32. Rxd5 cxd5 33. Nf3 Nc5 34. Nd4 Nd3 35. Ke2 Nf4+ 36. Kf3 Kg6 37. g3 Nd3 38. Ke3 Ne5 39. h3 h5 40. f4 Nd7 41. f5+ Kf7 42. Ne6 b6 43. Kd4 Ne5 44. Kxd5 Nf3 45. Kc6 h4 46. gxh4 Nxh4 47. Kxb6 Nxf5 48. Nxg5+ fxg5 49. Kxa6 Nd6 50. b4 Kf6 51. b5 Kf5 52. b4 Kf4 53. b6 Kg3 54. b7 Nxb7 55. Kxb7 Kxh3 56. Kc7 g4 57. b5 g3 58. b6 g2 59. b7 g1=Q 60. b8=Q Qg3+ 61. Kb7 Qb3+ 62. Kc8 Qa4 1/2-1/2

[Event "Slovakian-ch Youth 2022"]
[Site "Lubovna"]
[Date "2022.05.27"]
[Round "8.30"]
[White "Brnusak, Simon"]
[Black "Ropovik, Samuel"]
[Result "0-1"]
[WhiteElo "1090"]
[BlackElo "1453"]
[Annotator "NA RC COMBH"]
[PlyCount "90"]
[EventDate "2022.05.22"]
[EventCountry "SVK"]
[SourceTitle "playchess.com"]
[Source "ChessBase"]
[SourceQuality "1"]

1. e4 c5 2. Nf3 d6 3. d4 cxd4 4. Nxd4 Nf6 5. Nc3 Nc6 6. Be3 e5 7. Nf3 Be7 8. Be2 Be6 9. O-O O-O 10. Qd2 d5 11. exd5 Nxd5 12. Nxd5 Bxd5 13. Rfd1 Be6 14. Qc3 Qc7 15. a3 Rac8 16. Rd2 a6 17. h3 b5 18. b4 e4 19. Nd4 Nxd4 20. Bxd4 Qxc3 21. Bxc3 Rxc3 22. Rd4 Rfc8 23. Bd1 Bf6 24. Rxe4 Rxc2 25. Bxc2 Bxa1 26. Bd3 Bf5 27. Re3 Bxd3 28. Rxd3 Be5 29. g3 g6 30. f4 Bb2 31. Kf2 Rc3 32. Rd8+ Kg7 33. Ra8 Rxa3 34. g4 Bc3 35. Kg3 Be1+ 36. Kg2 Bxb4 37. f5 gxf5 38. gxf5 Bc3 39. Kg3 b4 40. h4 h5 41. Rc8 Be5+ 42. Kf2 b3 43. Rc1 b2 44. Rg1+ Kf6 45. Rb1 Ra1 0-1

[Event "Slovakian-ch Youth 2022"]
[Site "Lubovna"]
[Date "2022.05.27"]
[Round "8.31"]
[White "Drabek Matej"]
[Black "Dolnik, Michal"]
[Result "0-1"]
[WhiteElo "1000"]
[BlackElo "1548"]
[Annotator "NA RC COMBH"]
[PlyCount "55"]
[EventDate "2022.05.22"]
[EventCountry "SVK"]
[SourceTitle "playchess.com"]
[Source "ChessBase"]
[SourceQuality "1"]

1. e4 e5 2. Nf3 Nc6 3. Bc4 Bc5 4. O-O Nf6 5. Nc3 O-O 6. d3 h6 7. Be3 Bb6 8. d4 exd4 9. Bxd4 Nxd4 10. Nxd4 Nxe4 11. Nxe4 d5 12. Bb3 dxe4 13. c3 Qg5 14. g3 c5 15. Nb5 Bg4 16. Qd5 Qxd5 17. Bxd5 Be2 18. Rfe1 Bxb5 19. Bxb7 Rad8 20. Bxe4 Rd2 21. Rab1 c4 22. Rf1 Re8 23. Bf3 Bd7 24. Rbd1 Rxd1 25. Rxd1 Bh3 26. Bd5 Re2 27. Bxc4 Rxf2 28. Bd3 0-1

[Event "Slovakian-ch Youth 2022"]
[Site "Lubovna"]
[Date "2022.05.27"]
[Round "8.32"]
[White "Papay Aurel"]
[Black "Shykhnenko, Hryhorii"]
[Result "1-0"]
[WhiteElo "1000"]
[BlackElo "1284"]
[Annotator "NA RC COMBH"]
[PlyCount "39"]
[EventDate "2022.05.22"]
[EventCountry "SVK"]
[SourceTitle "playchess.com"]
[Source "ChessBase"]
[SourceQuality "1"]

1. e4 e5 2. Nf3 Nf6 3. Nxe5 Nc6 4. Nxc6 dxc6 5. f3 Bc5 6. c3 O-O 7. d4 Nxe4 8. fxe4 Qh4+ 9. Kd2 Qxe4 10. Qf3 Qxf3 11. gxf3 Bb6 12. Bd3 c5 13. dxc5 Bxc5 14. Kc2 Re8 15. Bf4 c6 16. Nd2 Bh3 17. Ne4 Bb6 18. Ng5 Bg2 19. Bc4 Re7 20. Rhe1 1-0

[Event "Slovakian-ch Youth 2022"]
[Site "Lubovna"]
[Date "2022.05.27"]
[Round "8.33"]
[White "Slivka Martin"]
[Black "Janoska Peter"]
[Result "0-1"]
[WhiteElo "1000"]
[BlackElo "1272"]
[Annotator "NA RC COMBH"]
[PlyCount "102"]
[EventDate "2022.05.22"]
[EventCountry "SVK"]
[SourceTitle "playchess.com"]
[Source "ChessBase"]
[SourceQuality "1"]

1. e4 c5 2. Nf3 e6 3. Be2 d5 4. d3 Nc6 5. O-O Nf6 6. Nc3 d4 7. Nb1 e5 8. Nbd2 Bd6 9. Re1 O-O 10. Nf1 Bd7 11. Ng3 Rc8 12. b3 a6 13. Bb2 b5 14. Ba3 Qe7 15. Bb2 Na7 16. c4 Bc7 17. Qc2 Bd6 18. Nf5 Bxf5 19. exf5 Rfe8 20. Bf1 Qd7 21. Ng5 Qxf5 22. Ne4 Nxe4 23. Rxe4 Qg6 24. Be2 f5 25. Rh4 Qf6 26. Rh3 e4 27. Re1 Re7 28. Bf1 Rce8 29. dxe4 fxe4 30. Kh1 Rf8 31. Rxe4 Qxf2 32. Qxf2 Rxf2 33. Rf3 Rxf1+ 34. Rxf1 Rxe4 35. g3 Re2 36. Bc1 bxc4 37. bxc4 Rxa2 38. Bf4 Bxf4 39. Rxf4 Rc2 40. Kg1 Rxc4 41. Kf2 Rc3 42. Ke2 Nc6 43. Kd2 Nb4 44. Kd1 a5 45. Kd2 a4 46. Kd1 h6 47. h4 a3 48. Kd2 a2 49. Kd1 a1=Q+ 50. Kd2 Qb2+ 51. Kd1 Rc1# 0-1

[Event "Slovakian-ch Youth 2022"]
[Site "Lubovna"]
[Date "2022.05.27"]
[Round "8.34"]
[White "Diachenko Mykhailo"]
[Black "Krajci Hugo"]
[Result "0-1"]
[WhiteElo "1000"]
[BlackElo "1178"]
[Annotator "NA RC COMBH"]
[PlyCount "120"]
[EventDate "2022.05.22"]
[EventCountry "SVK"]
[SourceTitle "playchess.com"]
[Source "ChessBase"]
[SourceQuality "1"]

1. g3 e5 2. Bg2 Nf6 3. e4 Nc6 4. Nc3 Bc5 5. Nge2 d6 6. h3 Be6 7. O-O O-O 8. d3 h6 9. b3 Qc8 10. Kh2 Nd4 11. Bb2 c6 12. a3 Nxe2 13. Qxe2 Bd4 14. Qd2 Bxc3 15. Bxc3 d5 16. Bb4 Re8 17. a4 Qd7 18. Rfe1 a6 19. a5 Rec8 20. Bc5 dxe4 21. Re2 exd3 22. cxd3 Bxb3 23. Rxe5 Bc4 24. Re7 Qxd3 25. Qxd3 Bxd3 26. Rxb7 Rab8 27. Bxc6 Rxb7 28. Bxb7 Rxc5 29. f4 Rc2+ 30. Kg1 Rc7 31. Bf3 Ne4 32. Bg4 Nxg3 33. Kf2 Nf5 34. Rd1 Bc2 35. Rc1 Nd4 36. Ke3 Nb3 37. Re1 Nxa5 38. Be2 Nc4+ 39. Kd4 Nb6 40. Bxa6 Rd7+ 41. Kc5 Na4+ 42. Kc6 Rd4 43. Rf1 Bd3 44. Rd1 Nb2 45. Ra1 Bxa6 46. Rxa6 Rxf4 47. Rb6 Rf6+ 48. Kb5 Rxb6+ 49. Kxb6 Kh7 50. Kc5 Kg6 51. Kd4 f5 52. Ke3 Nc4+ 53. Kf4 Nd6 54. h4 Kh5 55. Kg3 Ne4+ 56. Kf4 Kxh4 57. Kxf5 g5 58. Kxe4 Kg3 59. Kf5 g4 60. Kg6 Kf2 0-1

[Event "Slovakian-ch Youth 2022"]
[Site "Lubovna"]
[Date "2022.05.27"]
[Round "8.35"]
[White "Gobl, Fabian"]
[Black "Kriska Alexander"]
[Result "1/2-1/2"]
[WhiteElo "1017"]
[BlackElo "1046"]
[Annotator "NA RC COMBH"]
[PlyCount "75"]
[EventDate "2022.05.22"]
[EventCountry "SVK"]
[SourceTitle "playchess.com"]
[Source "ChessBase"]
[SourceQuality "1"]

1. e4 e5 2. Nf3 Nf6 3. Nc3 Nc6 4. Bc4 Nxe4 5. Nxe4 d5 6. Bd3 dxe4 7. Bxe4 Bd7 8. Bxc6 Bxc6 9. Nxe5 Bxg2 10. Qe2 Qe7 11. Rg1 f6 12. Rxg2 Qxe5 13. Qxe5+ fxe5 14. b3 O-O-O 15. Bb2 Re8 16. O-O-O Rg8 17. Re1 Bd6 18. Rg4 Re6 19. Rge4 Rge8 20. d4 c6 21. dxe5 Bc5 22. Rg1 g6 23. Rg2 Rf8 24. f4 Rf7 25. h4 h5 26. Rg5 Bf2 27. Rg2 Bb6 28. Rd2 Bd8 29. Rd6 Rfe7 30. Ba3 Re8 31. Rxe6 Rxe6 32. Bc5 a6 33. Bf2 Kc7 34. Bd4 b6 35. b4 Be7 36. c3 Bf8 37. Kd2 Kb7 38. a3 1/2-1/2

[Event "Slovakian-ch Youth 2022"]
[Site "Lubovna"]
[Date "2022.05.27"]
[Round "8.36"]
[White "Stavac Teodor"]
[Black "Ziman, Damian"]
[Result "0-1"]
[WhiteElo "1000"]
[BlackElo "1293"]
[Annotator "NA RC COMBH"]
[PlyCount "49"]
[EventDate "2022.05.22"]
[EventCountry "SVK"]
[SourceTitle "playchess.com"]
[Source "ChessBase"]
[SourceQuality "1"]

1. e4 c5 2. Nf3 d6 3. Bb5+ Nd7 4. O-O a6 5. Ba4 b5 6. Bb3 c4 7. Bxc4 bxc4 8. d4 cxd3 9. Qxd3 g6 10. Nc3 Bg7 11. Be3 Ngf6 12. Nd5 O-O 13. Nxf6+ Bxf6 14. Bh6 Bg7 15. Bxg7 Kxg7 16. Qd4+ Kg8 17. Ng5 Nf6 18. Rfe1 Qc7 19. e5 dxe5 20. Rxe5 Bf5 21. c3 Rad8 22. Qe3 Ng4 23. Qe2 Qxe5 24. Qxa6 Qxh2+ 25. Kf1 0-1

[Event "Slovakian-ch Youth 2022"]
[Site "Lubovna"]
[Date "2022.05.28"]
[Round "9.1"]
[White "Elias, David"]
[Black "Polomsky, Tomas"]
[Result "1-0"]
[WhiteElo "1901"]
[BlackElo "1467"]
[Annotator "TA"]
[PlyCount "87"]
[EventDate "2022.05.22"]
[EventCountry "SVK"]
[SourceTitle "playchess.com"]
[Source "ChessBase"]
[SourceQuality "1"]

1. Nf3 Nf6 2. g3 g6 3. Bg2 Bg7 4. O-O O-O 5. d4 d5 6. c4 c6 7. b3 Nbd7 8. Bb2 Re8 9. Nbd2 Nb6 10. Re1 Bg4 11. h3 Bf5 12. Nh4 Ne4 13. Nxe4 Bxe4 14. f3 g5 15. fxe4 gxh4 16. c5 Nc8 17. Qd3 e6 18. g4 Ne7 19. e5 Ng6 20. Rf1 Bh6 21. Bc1 Bxc1 22. Raxc1 Qg5 23. e3 Re7 24. Rf6 Kg7 25. Rcf1 Rf8 26. R1f5 exf5 27. Rxf5 h6 28. Rxg5 hxg5 29. Qf5 Kh6 30. Bf1 Re6 31. Bd3 Re7 32. b4 a6 33. a4 Rh8 34. Qf6 Rh7 35. Bf5 Rg7 36. Kf1 Re8 37. Ke2 Ra8 38. Kd3 Rf8 39. Kc3 Ra8 40. e4 dxe4 41. Bxe4 Re8 42. Bf5 Re7 43. Kc4 Kh7 44. Qxe7 1-0

[Event "Slovakian-ch Youth 2022"]
[Site "Lubovna"]
[Date "2022.05.28"]
[Round "9.1"]
[White "Sotnik, Simon"]
[Black "Pisarcik, Richard"]
[Result "0-1"]
[WhiteElo "1038"]
[BlackElo "1343"]
[Annotator "NA RC COMBH"]
[PlyCount "58"]
[EventDate "2022.05.22"]
[EventCountry "SVK"]
[SourceTitle "playchess.com"]
[Source "ChessBase"]
[SourceQuality "1"]

1. e4 e5 2. Nf3 Nc6 3. Nc3 Nf6 4. Bb5 Bb4 5. d3 d6 6. Bxc6+ bxc6 7. Bd2 O-O 8. O-O Re8 9. a3 Bxc3 10. Bxc3 Bg4 11. h3 Bh5 12. Re1 Nd7 13. d4 exd4 14. Bxd4 Rc8 15. Qd3 Re6 16. Rad1 c5 17. Bc3 c4 18. Qd4 Ne5 19. Nxe5 Bxd1 20. Nc6 Qg5 21. Rxd1 Rg6 22. g3 Re8 23. Nxa7 Qh5 24. h4 Qxh4 25. Qxc4 Rxe4 26. Qxc7 Rxg3+ 27. fxg3 Qxg3+ 28. Kf1 Qf3+ 29. Kg1 Rg4+ 0-1

[Event "Slovakian-ch Youth 2022"]
[Site "Lubovna"]
[Date "2022.05.28"]
[Round "9.2"]
[White "Turcan, Richard"]
[Black "Kuna, Patrik"]
[Result "1-0"]
[WhiteElo "2278"]
[BlackElo "1811"]
[Annotator "TA"]
[PlyCount "85"]
[EventDate "2022.05.22"]
[EventCountry "SVK"]
[SourceTitle "playchess.com"]
[Source "ChessBase"]
[SourceQuality "1"]

1. e4 c5 2. Nf3 Nc6 3. d4 cxd4 4. Nxd4 g6 5. c4 Bg7 6. Be3 Nf6 7. Nc3 O-O 8. Be2 d6 9. O-O Bd7 10. Re1 Nxd4 11. Bxd4 Bc6 12. Bd3 a5 13. Qd2 Nd7 14. Bxg7 Kxg7 15. Re3 Nf6 16. Rd1 Qb6 17. Nd5 Bxd5 18. exd5 Rfe8 19. Rde1 Kf8 20. Rf3 Kg7 21. Bb1 Qc5 22. Qf4 Qc7 23. a4 Rac8 24. b3 Qd7 25. h3 Rf8 26. h4 Rc7 27. Qg5 Qg4 28. Qd2 b6 29. Bf5 Qh5 30. Qd4 Rb7 31. Bh3 Kg8 32. Qf4 Rc7 33. Rg3 Kg7 34. Rf3 Kg8 35. b4 axb4 36. Rb3 Ra7 37. Rxb4 Rb8 38. a5 Rba8 39. axb6 Ra1 40. Rbb1 R1a4 41. b7 Rb8 42. Rxe7 Kg7 43. Be6 1-0

[Event "Slovakian-ch Youth 2022"]
[Site "Lubovna"]
[Date "2022.05.28"]
[Round "9.2"]
[White "Oruzinsky, Juraj"]
[Black "Gollner, Martin"]
[Result "0-1"]
[WhiteElo "1656"]
[BlackElo "1585"]
[Annotator "NA RC COMBH"]
[PlyCount "66"]
[EventDate "2022.05.22"]
[EventCountry "SVK"]
[SourceTitle "playchess.com"]
[Source "ChessBase"]
[SourceQuality "1"]

1. e4 c5 2. Nf3 e6 3. d4 cxd4 4. Nxd4 Nc6 5. Nxc6 bxc6 6. Bd3 d5 7. O-O Nf6 8. Nc3 Be7 9. Bf4 O-O 10. Qf3 Nd7 11. exd5 cxd5 12. Rfe1 Bf6 13. Qg3 e5 14. Qh3 g6 15. Bh6 Bg7 16. Bxg7 Kxg7 17. Nxd5 Nf6 18. Qf3 Qxd5 19. Qxd5 Nxd5 20. Be4 Be6 21. c4 Nb4 22. Bxa8 Rxa8 23. Rxe5 Nd3 24. Rb5 Bxc4 25. Rb7 a5 26. b3 Be6 27. Rd1 Nb4 28. Rd2 Rc8 29. f3 Rc5 30. Kf2 Bf5 31. g4 Be6 32. Re2 Bd5 33. Rd2 Bxb7 0-1

[Event "Slovakian-ch Youth 2022"]
[Site "Lubovna"]
[Date "2022.05.28"]
[Round "9.3"]
[White "Rucek, Kristian"]
[Black "Stevik, Patrik"]
[Result "1-0"]
[WhiteElo "2128"]
[BlackElo "2249"]
[Annotator "TA"]
[PlyCount "73"]
[EventDate "2022.05.22"]
[EventCountry "SVK"]
[SourceTitle "playchess.com"]
[Source "ChessBase"]
[SourceQuality "1"]

1. d4 Nf6 2. c4 g6 3. Nc3 Bg7 4. e4 O-O 5. Nf3 d6 6. Be2 e5 7. Be3 exd4 8. Nxd4 Nc6 9. O-O Re8 10. f3 Bd7 11. Qd2 a6 12. Rfd1 Rb8 13. Rac1 Nh5 14. Nd5 Be6 15. Rc2 Qd7 16. b4 f5 17. Nxe6 Rxe6 18. exf5 gxf5 19. g4 fxg4 20. fxg4 Nf6 21. g5 Ne4 22. Qd3 Re5 23. Bf4 Nxg5 24. Bxe5 Bxe5 25. Qe3 Qf5 26. Rcd2 Nh3+ 27. Kg2 Kh8 28. Bf3 Rg8+ 29. Kh1 Nf4 30. b5 Qh3 31. Nxf4 Qh4 32. bxc6 bxc6 33. Nd3 Bd4 34. Qe4 Qf6 35. Nf2 Bc5 36. Ng4 Qc3 37. Qf5 1-0

[Event "Slovakian-ch Youth 2022"]
[Site "Lubovna"]
[Date "2022.05.28"]
[Round "9.3"]
[White "Toth, Mihaly"]
[Black "Matejka, Simon"]
[Result "0-1"]
[WhiteElo "1909"]
[BlackElo "1235"]
[Annotator "TA"]
[PlyCount "50"]
[EventDate "2022.05.22"]
[EventCountry "SVK"]
[SourceTitle "playchess.com"]
[Source "ChessBase"]
[SourceQuality "1"]

1. e4 e5 2. Nf3 Nc6 3. Bc4 Bc5 4. c3 Nge7 5. O-O d6 6. d3 O-O 7. Kh1 Be6 8. Bxe6 fxe6 9. Nbd2 Qd7 10. b4 Bb6 11. Nc4 Ng6 12. Nxb6 axb6 13. Qb3 h6 14. c4 Rf7 15. a4 Raf8 16. Be3 Nf4 17. Nh4 Kh7 18. g3 Ne2 19. Rae1 Ned4 20. Qc3 g5 21. Ng2 Nf3 22. Re2 d5 23. exd5 exd5 24. b5 Qh3 25. bxc6 Qxh2# 0-1

[Event "Slovakian-ch Youth 2022"]
[Site "Lubovna"]
[Date "2022.05.28"]
[Round "9.3"]
[White "Smetana, Peter"]
[Black "Durana, Jonas"]
[Result "1/2-1/2"]
[WhiteElo "1740"]
[BlackElo "1644"]
[Annotator "NA RC COMBH"]
[PlyCount "94"]
[EventDate "2022.05.22"]
[EventCountry "SVK"]
[SourceTitle "playchess.com"]
[Source "ChessBase"]
[SourceQuality "1"]

1. e4 c5 2. Nc3 Nc6 3. Nf3 d6 4. Bb5 Bd7 5. d4 cxd4 6. Nxd4 Nf6 7. Bg5 e6 8. Qd3 Be7 9. O-O-O O-O 10. Bxc6 bxc6 11. Kb1 d5 12. Bxf6 Bxf6 13. Nf3 Rb8 14. e5 Be7 15. h4 g6 16. Rdf1 c5 17. Nd2 c4 18. Qe3 Qb6 19. Qxb6 Rxb6 20. Nd1 h5 21. f4 Kg7 22. b3 cxb3 23. axb3 Rc8 24. Rf3 Rbc6 25. c3 Rb6 26. Kb2 Rc5 27. b4 a5 28. Nb3 Rc8 29. Nxa5 d4 30. Nb3 dxc3+ 31. Rxc3 Rxc3 32. Nxc3 Rxb4 33. g3 Ba4 34. Nxa4 Rxa4 35. Re1 Ba3+ 36. Kc2 Bb4 37. Re3 Ra2+ 38. Kd3 Rg2 39. Kc4 Be7 40. Nd4 Bd8 41. Kd3 Bb6 42. Ke4 Rg1 43. Rd3 Re1+ 44. Kf3 Ra1 45. Ne2 Rf1+ 46. Ke4 Rf2 47. Rd2 Rf1 1/2-1/2

[Event "Slovakian-ch Youth 2022"]
[Site "Lubovna"]
[Date "2022.05.28"]
[Round "9.4"]
[White "Beres, Tomas"]
[Black "Brnusak, Tomas"]
[Result "1/2-1/2"]
[WhiteElo "2059"]
[BlackElo "2212"]
[Annotator "TA"]
[PlyCount "73"]
[EventDate "2022.05.22"]
[EventCountry "SVK"]
[SourceTitle "playchess.com"]
[Source "ChessBase"]
[SourceQuality "1"]

1. e4 c5 2. Nf3 e6 3. d4 cxd4 4. Nxd4 a6 5. Bd3 Qc7 6. O-O Nf6 7. Qe2 d6 8. c4 g6 9. Nc3 Bg7 10. Be3 O-O 11. Rfd1 Nbd7 12. Rac1 Ne5 13. h3 b6 14. b3 Bb7 15. Bb1 Rfd8 16. f4 Nc6 17. Qf2 Nb8 18. f5 Qe7 19. Nf3 b5 20. fxg6 b4 21. gxh7+ Kh8 22. Ne2 Nxe4 23. Bxe4 Bxe4 24. Ng5 Bg6 25. Qh4 Nc6 26. Rf1 Rd7 27. Nf4 Bf5 28. Rf2 Ne5 29. Rcf1 f6 30. Nf3 Ng6 31. Nxg6+ Bxg6 32. Nd4 f5 33. Qxe7 Rxe7 34. Rd2 Rc8 35. Ne2 Be5 36. Bd4 Kxh7 37. Rfd1 1/2-1/2

[Event "Slovakian-ch Youth 2022"]
[Site "Lubovna"]
[Date "2022.05.28"]
[Round "9.4"]
[White "Magda, Filip"]
[Black "Vargosko, Juraj"]
[Result "1/2-1/2"]
[WhiteElo "1624"]
[BlackElo "1640"]
[Annotator "NA RC COMBH"]
[PlyCount "137"]
[EventDate "2022.05.22"]
[EventCountry "SVK"]
[SourceTitle "playchess.com"]
[Source "ChessBase"]
[SourceQuality "1"]

1. d4 Nf6 2. c4 g6 3. Nf3 Bg7 4. g3 d6 5. Bg2 O-O 6. O-O Nbd7 7. Nc3 Re8 8. Bd2 c5 9. d5 Nb6 10. b3 e6 11. dxe6 Bxe6 12. Rc1 Rc8 13. e4 Bg4 14. h3 Bxf3 15. Bxf3 Nfd7 16. e5 dxe5 17. Bxb7 Rc7 18. Bg2 Nf8 19. Be3 Rd7 20. Qc2 Qc8 21. Rfd1 Red8 22. Rxd7 Rxd7 23. Rd1 Ne6 24. Rxd7 Qxd7 25. Ne4 Qc7 26. Qd2 f5 27. Nc3 f4 28. gxf4 exf4 29. Nd5 fxe3 30. Qxe3 Qe5 31. Qxe5 Bxe5 32. Ne7+ Kf7 33. Nc6 Bd4 34. Nxa7 Nf4 35. Nb5 Nxg2 36. Kxg2 Bb2 37. Kf3 Kf6 38. a4 Ke5 39. a5 Na8 40. a6 Bc1 41. a7 Bg5 42. Kg4 h6 43. h4 Be7 44. f4+ Ke4 45. h5 g5 46. fxg5 Bxg5 47. Nd6+ Ke5 48. Nf7+ Kf6 49. Nxg5 hxg5 50. h6 Kg6 51. h7 Kxh7 52. Kxg5 Kg7 53. Kf5 Kf7 54. Ke5 Ke7 55. Kd5 Kd7 56. Kxc5 Kc7 57. b4 Kb7 58. Kd6 Kxa7 59. Kc6 Kb8 60. c5 Nc7 61. Kb6 Nd5+ 62. Kb5 Nxb4 63. Kxb4 Kc7 64. Kb5 Kb7 65. c6+ Kc7 66. Kc5 Kc8 67. Kb6 Kb8 68. c7+ Kc8 69. Kc6 1/2-1/2